[Event "Challenge"]
[Site "http://www.queenalice.com/game.php?id=1353030"]
[Date "2015.4.11"]
[Round "-"]
[White "fenix40rj"]
[Black "Bira"]
[Result "1-0"]
[WhiteElo "1472"]
[BlackElo "1498"]

1. e4 Nf6 2. Nc3 d5 3. Bb5+ Bd7 4. e5 Bxb5 5. Nxb5 Ng8 6. c4 dxc4 7. Qc2 Qd5 8.
Nxc7+ Kd7 9. Nxd5 b5 10. d4 e6 11. Nc3 Bb4 12. a3 Bxc3+ 13. Qxc3 Ne7 14. Nf3 h6
15. Be3 g5 16. Qb4 Kc6 17. Qxe7 Nd7 18. Qxf7 g4 19. Qxe6+ 1-0

[Event "Challenge"]
[Site "http://www.queenalice.com/game.php?id=1353032"]
[Date "2015.4.11"]
[Round "-"]
[White "fenix40rj"]
[Black "Belle1996"]
[Result "1-0"]
[WhiteElo "1488"]
[BlackElo "1040"]

1. d4 d5 2. Nc3 e6 3. Nf3 Nc6 4. e4 Nf6 5. e5 Ne4 6. Bb5 Bd7 7. O-O Be7 8. h4
Na5 9. Ng5 O-O 10. Bd3 Bc6 11. Qh5 h6 12. Ngxe4 dxe4 13. Nxe4 Qxd4 14. Be3 Qxb2
15. Bg5 Bb4 16. Nf6+ gxf6 17. Qxh6 Ba4 18. Qh7# 1-0

[Event "Challenge"]
[Site "http://www.queenalice.com/game.php?id=1353034"]
[Date "2015.4.11"]
[Round "-"]
[White "fenix40rj"]
[Black "josh_hh"]
[Result "1-0"]
[WhiteElo "1469"]
[BlackElo "1245"]

1. d4 e6 2. e4 Bb4+ 3. c3 Ba5 4. Nf3 d5 5. Bd3 dxe4 6. Bxe4 a6 7. Qa4+ Bd7 8.
Qxa5 Nc6 9. Qg5 h6 10. Qxg7 Ke7 11. Qxh8 a5 12. d5 exd5 13. Bxd5 a4 14. Qg7 Kd6
15. c4 Nge7 16. Qg3+ Kc5 17. Be3+ Nd4 18. Bxd4+ Kb4 19. a3+ Ka5 20. b4+ Ka6 21.
b5+ Ka5 22. Bxb7 Rb8 23. Bc3+ Kb6 24. Ba6 Kc5 25. Nbd2 Nf5 26. Qe5+ Kb6 27. c5+
Ka7 28. g4 c6 29. gxf5 cxb5 30. Qd6 Rc8 31. Bd4 Rb8 32. Rb1 b4 33. c6+ Kxa6 34.
c7+ Kb5 35. cxd8=Q Rxd8 36. Qb6# 1-0

[Event "Challenge"]
[Site "http://www.queenalice.com/game.php?id=1353037"]
[Date "2015.4.11"]
[Round "-"]
[White "fenix40rj"]
[Black "pj"]
[Result "1-0"]
[WhiteElo "1489"]
[BlackElo "1506"]

1. e4 e5 2. Nf3 f6 3. d4 c5 4. c3 a5 5. Bb5 b6 6. Qa4 Ra7 7. b4 cxd4 8. cxd4 Qc7
9. O-O Bxb4 10. a3 Bc3 11. Ra2 Qd6 12. Nxc3 Rc7 13. Rc2 Ba6 14. dxe5 fxe5 15.
Qb3 Rc5 16. Rd2 Qe7 17. Nd5 Qe6 18. Ng5 Qg6 19. Rc2 Rxb5 20. Nc7+ Kd8 21. Nxb5
h6 22. Nf7+ Ke7 23. Nxe5 Qxe4 24. Qf7+ Kd8 25. Qf8# 1-0

[Event "Challenge"]
[Site "http://www.queenalice.com/game.php?id=1355463"]
[Date "2015.4.24"]
[Round "-"]
[White "fenix40rj"]
[Black "reccar"]
[Result "1/2-1/2"]
[WhiteElo "1459"]
[BlackElo "1366"]

1. e4 e5 2. Bc4 d6 3. c3 Qe7 4. Nf3 Nd7 5. d4 Nb6 6. Bb5+ Bd7 7. a4 Bxb5 8. axb5
Nf6 9. Qb3 Nxe4 10. O-O Nf6 11. Re1 Nbd7 12. Be3 Ng4 13. Bg5 f6 14. Bh4 b6 15.
Qd5 Rb8 16. Re4 Nh6 17. Rxa7 Rc8 18. g4 g5 19. Qb7 Qd8 20. Nxg5 Qe7 21. Qxc8+
Qd8 22. Ra8 Nf7 23. Ne6 Qxc8 24. Rxc8+ Ke7 25. Nxc7 1/2-1/2

[Event "Challenge"]
[Site "http://www.queenalice.com/game.php?id=1359065"]
[Date "2015.5.12"]
[Round "-"]
[White "fenix40rj"]
[Black "pj"]
[Result "1-0"]
[WhiteElo "1500"]
[BlackElo "1448"]

1. g4 e5 2. e4 c5 3. Bc4 Qe7 4. d3 g5 5. Nf3 f6 6. c3 Nh6 7. Qa4 a6 8. h4 Nxg4
9. O-O b6 10. hxg5 fxg5 11. Nxg5 Nh6 12. Qd1 d6 13. Qh5+ Kd8 14. Nf7+ Nxf7 15.
Bxf7 Nd7 16. Bg5 Nf6 17. Bxf6 Qxf6 18. Nd2 h6 19. Nc4 Rh7 20. Be8 Rg7+ 21. Kh1
Rg5 22. Qf7 Qxf7 23. Bxf7 Ke7 24. Bd5 Rb8 25. Ne3 1-0

[Event "Challenge"]
[Site "http://www.queenalice.com/game.php?id=1359066"]
[Date "2015.5.12"]
[Round "-"]
[White "fenix40rj"]
[Black "dlabedz"]
[Result "0-1"]
[WhiteElo "1370"]
[BlackElo "1359"]

1. b4 f6 2. e4 b6 3. d4 Bb7 4. Nc3 g6 5. f4 Bg7 6. Nf3 h6 7. d5 d6 8. Bd3 c6 9.
b5 c5 10. Bc4 f5 11. e5 dxe5 12. fxe5 a6 13. O-O Nd7 14. Qe2 a5 15. e6 Ndf6 16.
Ne5 h5 17. Nf7 Qb8 18. Nxh8 Bxh8 19. Bf4 Qd8 20. Rad1 Nh6 21. Bxh6 Ng4 22. Na4
Qd6 23. Bf4 Ne5 24. Nxb6 Rb8 25. Nd7 Rc8 26. Bxe5 Bxe5 27. Nxe5 a4 28. Nf7 Qb6
29. d6 Bc6 30. bxc6 Kf8 31. dxe7+ Kxe7 32. Nd6 Qc7 33. Ba6 Rb8 34. Nc8+ Rxc8 35.
Bxc8 Qxc8 0-1

[Event "Challenge"]
[Site "http://www.queenalice.com/game.php?id=1359067"]
[Date "2015.5.12"]
[Round "-"]
[White "fenix40rj"]
[Black "Alanvini"]
[Result "0-1"]
[WhiteElo "1475"]
[BlackElo "1474"]

1. e4 e5 2. Nf3 Nc6 3. d4 d5 4. Bg5 Nf6 5. exd5 Nxd4 6. Nxe5 Qxd5 7. Qe2 Nxe2 8.
f4 h6 9. c4 Bb4+ 10. Kxe2 hxg5 11. cxd5 gxf4 12. Kf3 Nxd5 13. Bb5+ c6 14. Ba4
O-O 15. g4 Bd6 16. Ke4 Re8 17. Nc3 Bxe5 18. Rad1 Bxc3+ 19. Kd3 Bxb2 20. Rhf1 Nc3
21. Rd2 Nxa4 22. Rxf4 b5 23. Rdf2 f6 24. g5 Be6 25. Rg2 Rad8+ 26. Kc2 f5 27. Rg3
Be5 28. Kc1 Bxf4+ 29. Kc2 Bxg3 30. hxg3 Bxa2 31. Kc1 Re2 32. g4 Bb3 0-1

[Event "Challenge"]
[Site "http://www.queenalice.com/game.php?id=1359069"]
[Date "2015.5.12"]
[Round "-"]
[White "fenix40rj"]
[Black "Alanvini"]
[Result "0-1"]
[WhiteElo "1354"]
[BlackElo "1524"]

1. e4 e5 2. c3 Nf6 3. Nf3 Nc6 4. Bc4 d5 5. exd5 Nxd5 6. Qb3 Na5 7. Qb5+ c6 8.
Qa4 Nxc4 9. Qxc4 Bd6 10. d4 e4 11. Bg5 Be7 12. Bxe7 Nxe7 13. Ne5 Be6 14. Qe2 Qd5
15. Nd2 Bf5 16. c4 Qxd4 17. f4 f6 18. O-O-O Qd3 19. Nxd3 exd3 20. Qh5+ Bg6 21.
Qh3 O-O 22. Nf3 Rad8 23. Ne1 d2+ 24. Rxd2 Rxd2 25. Kxd2 Rd8+ 26. Ke3 Nf5+ 27.
Kf3 Re8 28. Nc2 c5 29. g4 Nd6 30. f5 Ne4 31. fxg6 Ng5+ 32. Kg3 Nxh3 33. Kxh3
hxg6 34. b4 b6 35. b5 Re2 36. Ne1 Rxa2 37. Rg1 g5 38. Rg3 Ra4 39. Ng2 Rxc4 40.
Ne3 Rb4 41. Nd5 Rxb5 42. Ne7+ Kf7 43. Nf5 Rb4 44. Nd6+ Ke6 45. Nf5 g6 46. Re3+
Kd5 47. Ne7+ Kd4 48. Rf3 c4 0-1

[Event "Challenge"]
[Site "http://www.queenalice.com/game.php?id=1359070"]
[Date "2015.5.12"]
[Round "-"]
[White "fenix40rj"]
[Black "BALASH"]
[Result "1-0"]
[WhiteElo "1487"]
[BlackElo "1413"]

1. d4 d5 2. Nc3 Nf6 3. Nf3 Bf5 4. e4 dxe4 5. Ne5 h6 6. Bc4 e6 7. d5 Bd6 8. f4
Bxe5 9. fxe5 Nfd7 10. dxe6 Bxe6 11. Bb5 c6 12. Ba4 O-O 13. Nxe4 Nb6 14. Nf6+
gxf6 15. Bd2 Nc4 16. Rb1 fxe5 17. b3 Na3 18. Rc1 b5 19. Bxh6 Re8 20. Qh5 Nd7 21.
Bg5 Nf6 22. Qh4 bxa4 23. Rd1 Bf5 24. Rxd8 Rexd8 25. Bxf6 Bh7 26. Bxd8 Nxc2+ 27.
Kd1 Ne3+ 28. Ke2 Nf5 29. Qg5+ Kh8 30. Bf6+ Ng7 31. Qxg7# 1-0

[Event "Challenge"]
[Site "http://www.queenalice.com/game.php?id=1359072"]
[Date "2015.5.12"]
[Round "-"]
[White "fenix40rj"]
[Black "Oscar1961"]
[Result "1-0"]
[WhiteElo "1476"]
[BlackElo "1254"]

1. d4 d5 2. Nf3 f6 3. Bf4 b5 4. Nc3 e6 5. e3 b4 6. Nb5 Bd6 7. Nxd6+ cxd6 8. Bb5+
Kf8 9. Qd2 g5 10. Bg3 a6 11. Ba4 a5 12. c3 g4 13. Nh4 f5 14. b3 Nf6 15. cxb4 Ne4
16. Qc1 h5 17. Ng6+ 1-0

[Event "Challenge"]
[Site "http://www.queenalice.com/game.php?id=1359073"]
[Date "2015.5.12"]
[Round "-"]
[White "fenix40rj"]
[Black "perucona"]
[Result "0-1"]
[WhiteElo "1460"]
[BlackElo "1228"]

1. Nf3 d5 2. d4 Nf6 3. Nc3 Nc6 4. Bf4 e6 5. e3 Bd6 6. Bg5 O-O 7. Bd3 g6 8. Nh4
Be7 9. Qf3 Qd7 10. Nb5 a6 11. Bxf6 Bxf6 12. Qxf6 axb5 13. O-O-O Re8 14. Nf3 Qe7
15. Qf4 Bd7 16. h4 h5 17. Qh6 Qf6 18. Ne5 Re7 19. Nxd7 Rxd7 20. g4 hxg4 21. h5
Qg7 22. Qg5 f6 23. h6 Qf7 24. h7+ Kh8 0-1

[Event "Challenge"]
[Site "http://www.queenalice.com/game.php?id=1359074"]
[Date "2015.5.12"]
[Round "-"]
[White "Candida80"]
[Black "fenix40rj"]
[Result "1-0"]
[WhiteElo "1394"]
[BlackElo "1512"]

1. e3 e5 2. h4 d5 3. h5 c5 4. Nf3 Nc6 5. Bb5 Bd7 6. Bxc6 Bxc6 7. Nxe5 Bb5 8. Qf3
Nh6 9. Nc3 Bc6 10. g4 Qf6 11. Qxf6 gxf6 12. Nd3 d4 13. Rh4 dxc3 14. bxc3 f5 15.
gxf5 Nxf5 16. Rf4 Bd7 17. Bb2 Rg8 18. Ke2 Rg2 19. Rf3 Nh4 20. Rh1 Nxf3 21. Kxf3
Rg5 22. Ba3 Bg4+ 23. Kf4 f6 24. Rh4 Bd6+ 25. Ke4 f5+ 26. Kd5 O-O-O 27. Nxc5
Bxc5+ 28. Kxc5 f4+ 29. Kc4 Be2+ 30. d3 fxe3 31. fxe3 a5 32. Rh2 b5+ 33. Kb3 Bg4
34. Be7 Be6+ 35. c4 Rd7 36. Bxg5 b4 37. Ka4 Ra7 38. Rf2 Bd7+ 39. Kb3 1-0

[Event "Challenge"]
[Site "http://www.queenalice.com/game.php?id=1359076"]
[Date "2015.5.12"]
[Round "-"]
[White "fenix40rj"]
[Black "swampthing"]
[Result "1-0"]
[WhiteElo "1476"]
[BlackElo "1342"]

1. d4 d5 2. Nf3 c6 3. Nc3 Nh6 4. e4 dxe4 5. Nxe4 Nf5 6. Bc4 b5 7. Bb3 a5 8. Ne5
Be6 9. Bxe6 fxe6 10. Qh5+ g6 11. Qg5 Qd5 12. f3 Qxd4 13. Nd3 Bh6 14. Qg4 Ne3 15.
Bxe3 Qxe3+ 16. Kf1 Na6 17. Re1 Qd4 18. Nf6+ Kf7 19. Qxd4 exf6 20. Qd7+ Kg8 21.
Qxe6+ Kf8 22. Qe7+ Kg8 23. Qe6+ Kg7 24. Qe7+ Kg8 25. Qe6+ Kg7 26. Qd7+ Kg8 27.
Qxc6 Ra7 28. Qxf6 Rc7 29. Re8+ Bf8 30. Rxf8# 1-0

[Event "Challenge"]
[Site "http://www.queenalice.com/game.php?id=1359077"]
[Date "2015.5.12"]
[Round "-"]
[White "fenix40rj"]
[Black "Numimbala"]
[Result "0-1"]
[WhiteElo "1514"]
[BlackElo "1452"]

1. d4 Na6 2. e4 g6 3. Nf3 d6 4. Bc4 Nf6 5. Ng5 e6 6. O-O h6 7. Nf3 Nxe4 8. Bb5+
c6 9. Bxa6 bxa6 10. c4 a5 11. Qa4 Bd7 12. c5 dxc5 13. Ne5 Qc8 14. dxc5 Nxc5 15.
Qf4 Rh7 16. Nc3 Be7 17. Qf3 Bd6 18. Re1 Qc7 0-1

[Event "Challenge"]
[Site "http://www.queenalice.com/game.php?id=1359079"]
[Date "2015.5.12"]
[Round "-"]
[White "fenix40rj"]
[Black "vierad2"]
[Result "0-1"]
[WhiteElo "1492"]
[BlackElo "1466"]

1. c4 c5 2. e4 Nc6 3. d4 Nxd4 4. b4 d6 5. Nc3 e6 6. Nce2 Qf6 7. Nxd4 cxd4 8. Nf3
d3 9. Bg5 Qc3+ 10. Bd2 Qxc4 11. Qa4+ Bd7 12. Qa3 Qxe4+ 13. Kd1 Bb5 14. Ne1 Qd4
15. Rc1 Nf6 16. Nxd3 Ne4 17. Be3 Nxf2+ 18. Bxf2 Qg4+ 19. Be2 Qxg2 20. Kd2 g6 21.
Qa5 Bh6+ 22. Kc3 Rc8+ 23. Nc5 Qh3+ 24. Bg3 Bxe2 25. Qa4+ b5 26. Qxa7 O-O 27. Rc2
dxc5 28. bxc5 Ra8 29. Qd7 Bg7+ 30. Kd2 Rfd8 31. Qd6 Rxd6+ 32. cxd6 Bc4 33. d7
Qg2+ 34. Ke3 Ra3+ 35. Kf4 Qf3+ 36. Kg5 Bf6+ 37. Kh6 Qh5# 0-1

[Event "Challenge"]
[Site "http://www.queenalice.com/game.php?id=1359081"]
[Date "2015.5.12"]
[Round "-"]
[White "vieri"]
[Black "fenix40rj"]
[Result "1-0"]
[WhiteElo "1280"]
[BlackElo "1514"]

1. g3 d5 2. Nf3 Nc6 3. Bg2 Nf6 4. O-O e5 5. b3 e4 6. Ng5 Qd6 7. d3 Ng4 8. f3
Qc5+ 9. Kh1 Nf2+ 10. Rxf2 Qxf2 11. Nc3 Nd4 12. Nxd5 Nxe2 13. Nxc7+ Kd8 14. Nxa8
Ke8 15. Nxe4 Nxg3+ 16. hxg3 Qd4 17. Rb1 f5 18. Ng5 Bd6 19. Qe2+ Kd8 20. Nf7+ Kd7
21. Nxh8 Bxg3 22. Be3 Qh4+ 23. Kg1 Qe7 24. Qd2 f4 25. Bh3+ Kd8 26. Bxc8 Kxc8 27.
Qc3+ Kb8 28. Nb6 axb6 29. Bxb6 Qf8 30. Qa5 Kc8 31. Qa8+ 1-0

[Event "Challenge"]
[Site "http://www.queenalice.com/game.php?id=1359082"]
[Date "2015.5.12"]
[Round "-"]
[White "fenix40rj"]
[Black "Enzo1945"]
[Result "0-1"]
[WhiteElo "1476"]
[BlackElo "1472"]

1. e4 e5 2. Nc3 Nc6 3. Bc4 Qe7 4. Nd5 Qd6 5. Nf3 Nf6 6. Ng5 h6 7. Nxc7+ Qxc7 8.
Nxf7 Rg8 9. f3 d5 10. Bxd5 Nd4 11. c3 Be6 12. Bxe6 Nxe6 13. Nxe5 Qxe5 14. d4 Qa5
15. b4 Qh5 16. Qa4+ Nd7 17. d5 Qh4+ 18. g3 Qh3 19. dxe6 Qxe6 20. Bf4 Bd6 21. Be3
Qc4 22. Qa3 Qd3 23. Bd2 Qxf3 24. Rf1 Qxe4+ 25. Kd1 Qg4+ 26. Kc2 Qg6+ 27. Kb3
Qe6+ 28. c4 Nb6 29. Rfe1 Be5 30. Rac1 Kf7 31. b5 Rgc8 32. Bf4 Rd8 33. Rxe5 Rd3+
34. Rc3 Qd7 35. Qb4 Re8 36. c5 Nd5 37. Rxd5 Qxd5+ 38. Ka4 Re4 39. Rxd3 Qxa2+ 40.
Ra3 Qc2+ 41. Ka5 Rxb4 42. Kxb4 Qxh2 43. c6 bxc6 44. Be5 g5 45. Rf3+ Ke6 0-1

[Event "Challenge"]
[Site "http://www.queenalice.com/game.php?id=1359083"]
[Date "2015.5.12"]
[Round "-"]
[White "fenix40rj"]
[Black "Arianna"]
[Result "1-0"]
[WhiteElo "1489"]
[BlackElo "1342"]

1. b4 e6 2. d4 Nf6 3. Nc3 a6 4. b5 d5 5. Nf3 Bd7 6. e4 dxe4 7. Ne5 Bb4 8. Bb2
Bxc3+ 9. Bxc3 Bxb5 10. Ba5 b6 11. Bb4 Nc6 12. Nxc6 Bxc6 13. f3 exf3 14. Qd2 fxg2
15. Rg1 Ne4 16. Qf4 gxf1=Q+ 17. Rxf1 Qxd4 18. c3 Qd7 19. Rd1 Qc8 20. Qxf7# 1-0

[Event "Challenge"]
[Site "http://www.queenalice.com/game.php?id=1359085"]
[Date "2015.5.12"]
[Round "-"]
[White "fenix40rj"]
[Black "signifer"]
[Result "1-0"]
[WhiteElo "1455"]
[BlackElo "1576"]

1. d4 Nf6 2. Nf3 d6 3. Nc3 g6 4. e4 Bg7 5. d5 O-O 6. Bc4 Bg4 7. O-O Nbd7 8. h3
Bxh3 9. gxh3 Ne5 10. Bb5 e6 11. Ng5 h6 12. dxe6 Qe7 13. exf7+ Kh8 14. Nd5 Qd8
15. Ne6 Qc8 16. Nexc7 Rb8 17. f4 Nxf7 18. e5 Nh5 19. e6 a6 20. Bd7 Qd8 21. f5
Ne5 22. Be3 Nxd7 23. e7 1-0

[Event "Challenge"]
[Site "http://www.queenalice.com/game.php?id=1359086"]
[Date "2015.5.12"]
[Round "-"]
[White "fenix40rj"]
[Black "PioDeCuritiba"]
[Result "1-0"]
[WhiteElo "1483"]
[BlackElo "1314"]

1. c3 c5 2. d4 cxd4 3. cxd4 d5 4. Nf3 Nf6 5. e4 dxe4 6. Ne5 Nc6 7. Bb5 Qd5 8.
Nxc6 bxc6 9. Qa4 cxb5 10. Qb4 e5 11. Qa5 a6 12. Be3 Bb7 13. Nc3 Qc4 14. b3 Qc6
15. dxe5 Ng4 16. Bb6 Rc8 17. Rc1 Qe6 18. O-O Qxe5 19. g3 Bc5 20. Bxc5 Rxc5 21.
f4 Qc7 22. b4 1-0

[Event "Challenge"]
[Site "http://www.queenalice.com/game.php?id=1375942"]
[Date "2015.8.6"]
[Round "-"]
[White "reccar"]
[Black "fenix40rj"]
[Result "1-0"]
[WhiteElo "1441"]
[BlackElo "1384"]

1. e3 d5 2. b3 Nf6 3. Bb2 Bg4 4. Be2 Nbd7 5. Bxg4 Nxg4 6. Qxg4 Ne5 7. Bxe5 e6 8.
Nf3 f5 9. Qg3 Qd7 10. O-O Bd6 11. d4 Rg8 12. Nbd2 O-O-O 13. c4 h6 14. a4 g5 15.
h3 f4 16. exf4 1-0